La Qüestió regional / Miquel dels Sants Oliver ; edició a cura de Gregori Mir ; traducció de Josep Estruch i Traité
Descripción Física:
XXXIII, 171 p. ; 20 cm
Materias:
Nacionalisme
MARC
| LEADER | 00000nam a2200000Ia 4500 | ||
|---|---|---|---|
| 001 | 6674 | ||
| 008 | 160829s1987 xx 000 0 cat d | ||
| 080 | |a M-2-240 | ||
| 100 | |a Oliver, Miquel dels Sants |9 27651 | ||
| 245 | |a La Qüestió regional / Miquel dels Sants Oliver ; edició a cura de Gregori Mir ; traducció de Josep Estruch i Traité | ||
| 260 | |a Barcelona : |b La Magrana : |b Diputació de Barcelona, |c 1987 | ||
| 300 | |a XXXIII, 171 p. ; |c 20 cm | ||
| 490 | |a Biblioteca dels clàssics del nacionalisme català ; 18 | ||
| 650 | |a Nacionalisme |9 39944 | ||
| 700 | |a Mir, Gregori, ed. |9 27652 | ||
| 700 | 1 | |a Estruch i Traité, Josep |9 27653 | |
| 901 | |a Arxiu | ||
| 942 | |n 1 | ||
| 952 | |0 0 |1 0 |4 0 |6 M2240 |7 1 |9 44499 |a Arxiu |b Arxiu |d 2016-12-01 |l 0 |o M-2-240 |p 6674 |r 2016-12-01 00:00:00 |w 2016-12-01 |y ARXIU | ||
| 999 | |c 47080 |d 47080 | ||